[Event "WSTCC-50 2020"]
[Site "Prague"]
[Date "2020.03.07"]
[Round "2.2"]
[White "Kaidanov, Gregory"]
[Black "Sirotkina, Nina"]
[Result "1/2-1/2"]
[WhiteElo "2546"]
[BlackElo "2183"]
[Annotator "TA"]
[PlyCount "97"]
[EventDate "2020.03.06"]
[EventType "team-tourn"]
[EventCountry "CZE"]
[SourceTitle "playchess.com"]
[Source "ChessBase"]
[SourceQuality "1"]

{[%evp 21,97,-2,0,0,0,0,0,0,18,8,6,0,0,0,37,29,60,10,3,-66,-45,-57,-51,-51,-46,-44,-30,-47,-54,-64,-30,-28,-20,-39,-32,-57,-53,-75,-54,-74,-66,-68,-4,-64,-23,-99,-90,-94,-75,-126,-41,-50,-49,-60,-41,-33,-20,-33,-38,-30,-35,-28,-16,-12,0,0,8,8,8,8,8,8,8,8,1,8,1,23]} 1. Nf3 d5 2. g3 Nf6 3. Bg2 e6 4. O-O Be7 5. c4 O-O 6. b3 c5 7. e3 Nc6 8. Bb2 b6 9. Nc3 dxc4 10. bxc4 Bb7 11. Qe2 Qc7 12. Ne1 {A14: English Opening: 1...e6 with b3 by White.} Rfd8 13. f4 Qd7 {[#]} 14. d3 $146 ({Predecessor:} 14. Rd1 Nb4 15. d3 Bxg2 16. Nxg2 a6 17. a3 Nc6 18. g4 Ne8 19. f5 Nd6 20. f6 Bxf6 21. Rxf6 gxf6 {1-0 (34) Kramnik,V (2784)-Fridman,D (2629) Dortmund 2013}) 14... Rab8 15. g4 Ne8 16. Rd1 a6 17. Nf3 Ba8 18. Ne4 b5 19. cxb5 axb5 20. f5 (20. h4 $11) 20... exf5 $15 21. gxf5 f6 22. a3 Rdc8 23. d4 cxd4 24. Nxd4 Nxd4 25. exd4 Nc7 26. Nc5 Qd6 27. Rde1 Bf8 28. Qg4 Bxg2 29. Qxg2 Re8 30. Ne4 Qb6 31. Kh1 Kh8 (31... Nd5 $15) 32. Rg1 (32. Rf4 $11) 32... Rbd8 33. Rc1 (33. Bc3 $1 $11 {remains equal.}) 33... Nd5 $17 34. Qf3 Qa7 35. Rge1 ({White should play} 35. Rg4) 35... Qf7 (35... Nb6 $17 36. Bc3 Qxa3) 36. Nc5 $15 Nc7 37. Qc6 Qd5+ 38. Qxd5 Nxd5 39. Rxe8 Rxe8 40. Ne6 Be7 41. Nc7 Nxc7 42. Rxc7 $11 {[%mdl 4096] Endgame KRB-KRB. The position is equal.} Kg8 43. Rb7 b4 44. axb4 Bd6 {[#] White must now prevent ...Re1+.} 45. Rb6 Re1+ 46. Kg2 Re2+ 47. Kf3 Rxb2 48. Rxd6 Rxb4 49. Rd8+ {Accuracy: White = 77%, Black = 78%.} 1/2-1/2

[Event "WSTCC-50 2020"]
[Site "Prague"]
[Date "2020.03.07"]
[Round "2.3"]
[White "Fatalibekova, Elena"]
[Black "Benjamin, Joel"]
[Result "0-1"]
[WhiteElo "2158"]
[BlackElo "2508"]
[Annotator "TA"]
[PlyCount "66"]
[EventDate "2020.03.06"]
[EventType "team-tourn"]
[EventCountry "CZE"]
[SourceTitle "playchess.com"]
[Source "ChessBase"]
[SourceQuality "1"]

{[%evp 11,66,23,41,37,33,37,48,48,49,29,35,25,42,0,103,47,26,0,16,-39,-52,-29,-29,-37,0,0,0,-10,10,10,11,12,92,79,93,93,139,122,115,-735,-699,-842,-749,-1326,-1302,-1147,-1154,-1135,-1128,-29984,-29985,-29991,-29989,-29990,-29991,-29995,-29996]} 1. e4 e5 2. Nf3 d6 3. d4 exd4 4. Nxd4 Nf6 5. Nc3 Be7 6. g3 O-O 7. Bg2 {C41: Philidor Defence.} Re8 8. O-O Bf8 9. h3 {White is slightly better.} Nc6 10. g4 h6 11. Nde2 Rb8 {[#]} 12. f4 $146 ({Predecessor:} 12. Ng3 b5 13. f4 b4 14. Nd5 Ba6 15. Rf2 Nxd5 16. exd5 Na5 17. b3 Nb7 18. Bb2 {1-0 (26) Strikovic,A (2505)-Paunovic,D (2436) Pontevedra 2015}) 12... Na5 (12... d5 $11 {keeps the balance.}) 13. Qd3 ({Better is} 13. g5 $16 Nd7 14. gxh6) 13... b5 14. b4 Nc4 $1 15. Nxb5 (15. a4 $11 a6 16. axb5 {[%mdl 64] Remove Defender} axb5 17. Nxb5 Rxb5 18. Qxc4) 15... Rxb5 $15 16. Qxc4 Rb6 {White must now prevent ...Ba6.} 17. b5 d5 (17... c6 $5) 18. exd5 {Strongly threatening Nc3.} Bxg4 19. Nd4 Bd7 20. Nc6 Bxc6 21. dxc6 ({But not} 21. bxc6 Rb4 $15) 21... a6 (21... Rxb5 $11 {remains equal.} 22. Qxb5 Qd4+ {[%mdl 64] Double Attack} 23. Kh1 Qxa1) 22. a4 $16 {[%cal Ba2a4,Ba4b5][%mdl 32]} ({Much weaker is} 22. bxa6 $6 Rb4 $11) 22... axb5 23. axb5 Nh5 {[#]} 24. Bb2 $1 Qh4 25. Be5 $2 {[%mdl 8192] [#] Loses the game.} (25. Bd4 $16 Rbb8 26. Bf2) 25... Rxe5 $1 $19 {[%mdl 576] Pin} 26. Ra7 (26. fxe5 Qxc4) 26... Rc5 27. Qd3 Nxf4 28. Qf3 Bd6 29. Ra8+ Kh7 {Hoping for ...Rg5!} 30. Qe4+ f5 {Black mates.} 31. Qe8 Re5 32. Qh8+ {[#]} Kg6 $1 33. Rg8 Nxh3+ {Accuracy: White = 57%, Black = 84%.} 0-1

[Event "WSTCC-50 2020"]
[Site "Prague"]
[Date "2020.03.07"]
[Round "2.4"]
[White "Yermolinsky, Alex"]
[Black "Titorenko, Natalia I"]
[Result "1-0"]
[WhiteElo "2487"]
[BlackElo "2113"]
[Annotator "TA"]
[PlyCount "71"]
[EventDate "2020.03.06"]
[EventType "team-tourn"]
[EventCountry "CZE"]
[SourceTitle "playchess.com"]
[Source "ChessBase"]
[SourceQuality "1"]

{[%evp 12,71,17,15,16,0,0,14,39,37,33,27,26,22,30,0,68,86,98,86,124,86,106,81,112,127,134,104,129,98,84,32,68,89,176,179,180,142,180,144,135,102,251,234,253,220,221,216,250,257,263,252,275,289,333,319,388,392,393,367,436,414]} 1. d4 Nf6 2. c4 e6 3. Nc3 Bb4 4. e3 O-O 5. Bd3 d5 6. Nf3 dxc4 7. Bxc4 b6 {E51: Nimzo-Indian: Rubinstein: 4...0-0 5 Nf3 d5.} 8. a3 Bxc3+ 9. bxc3 Ba6 {The position is equal. 9...c5 is a critical line.} 10. Bxa6 Nxa6 {[#]} 11. e4 $1 {[%mdl 512]} Qc8 (11... Nxe4 12. Qe2) 12. e5 {[#]} Nd5 $146 ({Predecessor:} 12... Nd7 13. Ng5 h6 14. h4 hxg5 15. hxg5 g6 16. Qf3 Rd8 17. Be3 c5 18. O-O-O Qc7 {1-0 (28) Arizmendi Martinez,J (2506)-Rodriguez Lopez,R (2285) Malaga 2008}) 13. Qd3 f5 (13... h6 $11) 14. exf6 $14 gxf6 15. O-O c6 16. c4 Ne7 17. Re1 Nc7 18. Qe4 $36 {[%mdl 2048] White is on the roll.} Rf7 19. Bf4 Ng6 20. Bd6 Ne8 21. Qxe6 ({White should try} 21. Bg3 $16) 21... Qxe6 22. Rxe6 Nxd6 (22... Ng7 $16 23. Re4 Rd8) 23. Rxd6 $18 Rc8 24. g3 Rcc7 25. Re1 Kg7 26. d5 c5 {This move loses the game for Black.} (26... cxd5 $16 {was worth a try.} 27. cxd5 Rcd7) 27. a4 Rfe7 28. Re3 Kf7 29. Kf1 h5 30. Ke2 Rcd7 31. Rde6 Rb7 32. Kd3 a6 33. Kc3 Red7 34. a5 bxa5 35. Rxa6 Ra7 36. Ree6 {Accuracy: White = 62%, Black = 45%.} 1-0

[Event "WSTCC-50 2020"]
[Site "Prague"]
[Date "2020.03.07"]
[Round "2.5"]
[White "Yrjola, Jouni"]
[Black "Hracek, Zbynek"]
[Result "1/2-1/2"]
[WhiteElo "2309"]
[BlackElo "2572"]
[Annotator "TA"]
[PlyCount "32"]
[EventDate "2020.03.06"]
[EventType "team-tourn"]
[EventCountry "CZE"]
[SourceTitle "playchess.com"]
[Source "ChessBase"]
[SourceQuality "1"]

{[%evp 13,32,14,13,19,16,10,19,16,17,16,18,12,18,23,19,13,16,-124,67,68,102]} 1. c4 e6 2. Nc3 d5 3. d4 Nf6 4. cxd5 exd5 5. Bg5 c6 6. e3 Bd6 7. Bd3 O-O 8. Nge2 {D35: Queen's Gambit Declined: Exchange Variation.} Re8 9. Qc2 h6 10. Bh4 {The position is equal.} a5 11. h3 {11.a3 injects fresh life into this line.} Na6 {[%cal Bb8a6,Ba6c7,Bc7e6,Be6g5][%mdl 32]} 12. a3 Nc7 13. O-O Ne6 14. f3 Ng5 15. e4 {[#]} (15. f4 $11 Ne6 16. Ng3) 15... Nh5 $146 (15... Nfxe4 $1 $17 {[%mdl 512]} 16. Bxe4 (16. fxe4 Nxh3+ 17. gxh3 Qxh4 $19) (16. Nxe4 dxe4) 16... dxe4 17. Bxg5 Qxg5 18. Nxe4 Qg6) ({Predecessor:} 15... Nfxe4 16. fxe4 Nxh3+ 17. gxh3 Qxh4 18. Rf2 Bxh3 19. Rd1 Re5 20. dxe5 Bc5 21. Nd4 Bxd4 22. Rdd2 Qg3+ 23. Kh1 Bg4 24. Bf1 Bf3+ 25. Bg2 Qh3+ {0-1 (25) Moiseenko,A (2628)-Korley,K (2437) Helsingor 2019}) 16. Kh1 $1 $14 dxe4 {Accuracy: White = 81%, Black = 67%.} 1/2-1/2

[Event "WSTCC-50 2020"]
[Site "Prague"]
[Date "2020.03.07"]
[Round "2.6"]
[White "Haba, Petr"]
[Black "Asomaki, Pekka"]
[Result "1-0"]
[WhiteElo "2470"]
[BlackElo "2122"]
[Annotator "TA"]
[PlyCount "85"]
[EventDate "2020.03.06"]
[EventType "team-tourn"]
[EventCountry "CZE"]
[SourceTitle "playchess.com"]
[Source "ChessBase"]
[SourceQuality "1"]

{[%evp 18,85,5,10,14,14,22,29,25,27,29,34,56,46,132,126,119,125,138,137,191,168,214,204,183,49,191,185,181,192,179,135,273,278,310,290,304,297,535,456,428,271,872,836,668,312,296,304,301,301,638,251,226,240,246,242,302,302,364,336,350,349,354,330,336,321,500,496,514,462]} 1. e4 e5 2. Nf3 Nc6 3. Bb5 a6 4. Ba4 Nf6 5. O-O Be7 6. Re1 b5 7. Bb3 O-O 8. a4 b4 9. a5 d6 10. d3 Rb8 {C88: Closed Ruy Lopez: Anti-Marshall Systems.} 11. Nbd2 Nd7 {[#]} 12. Ba4 $146 ({Predecessor:} 12. Nf1 Nc5 13. Bd5 Bd7 14. Be3 Rb5 15. Ng3 Rxa5 16. Bxc6 Rxa1 17. Qxa1 Bxc6 18. Bxc5 dxc5 19. Qxa6 {1-0 (43) Yu,Y (2760)-Moradiabadi,E (2528) chess.com INT 2018}) 12... Bb7 {White has an edge.} 13. Nb3 f5 14. exf5 Rxf5 15. d4 e4 ({Better is} 15... Rf7 $14) 16. Rxe4 $16 Nce5 {[#]} 17. Nxe5 $1 {[%mdl 512]} dxe5 {[#]} 18. Re1 $1 e4 (18... Bd6 $16) 19. Be3 Bd6 20. Qg4 g6 21. Nc5 (21. Qe2 $18) 21... Bxc5 (21... Nxc5 $14 22. dxc5 Bxc5) 22. Bb3+ $18 (22. dxc5 $6 Nxc5 23. Red1 Qe7 $14) 22... Kg7 {And now ...Nf6 would win.} 23. dxc5 h5 24. Qh3 {Hoping for Be6.} Ne5 {[#] A mistake that costs the game.} (24... Qe7 $16 25. g4 Rg5) 25. Be6 $1 {[%cal Re6f5]} Rf6 26. Rad1 Qe7 27. Bd5 Bc8 $2 (27... Bxd5 28. Rxd5 Rf5) 28. Qh4 Bg4 29. Qg5 {[%csl Ge3][%cal Rg5h6]} Rh8 $2 (29... Nf7 30. Bxf7 Kxf7) 30. Bd4 Bxd1 31. Bxe5 ({Less strong is} 31. Rxd1 Re8 $16) (31. Rxe4 $142 Kh7 32. Rxe5) 31... Bxc2 32. Bxe4 Bxe4 33. Rxe4 ({And not} 33. Qxf6+ Qxf6 34. Bxf6+ (34. Rxe4 Rb8 $11) 34... Kxf6 $11) 33... Rhf8 $2 (33... Rd8 34. Kf1 (34. Qxf6+ Qxf6 35. g4 Rd5 $14) (34. Bd4 Qf8 $16) 34... Rdf8) 34. Bxf6+ $2 (34. Rf4) 34... Qxf6 35. Qxf6+ Rxf6 36. Rxb4 {[%mdl 4096] Endgame KR-KR} Rc6 37. Rc4 Kf6 38. f3 Ke5 39. Re4+ Kd5 40. b4 Rf6 41. Kf2 Kc6 (41... Rf7 {was necessary.} 42. Ke3 Rf8) 42. Kg3 Kb5 43. Kh4 {Accuracy: White = 73%, Black = 38%.} 1-0

[Event "WSTCC-50 2020"]
[Site "Prague"]
[Date "2020.03.07"]
[Round "2.7"]
[White "Salonen, Jyrki"]
[Black "Velicka, Petr"]
[Result "1/2-1/2"]
[WhiteElo "2111"]
[BlackElo "2425"]
[Annotator "TA"]
[PlyCount "86"]
[EventDate "2020.03.06"]
[EventType "team-tourn"]
[EventCountry "CZE"]
[SourceTitle "playchess.com"]
[Source "ChessBase"]
[SourceQuality "1"]

{[%evp 9,86,-22,-11,-4,-5,-54,-12,-27,-1,-1,0,8,21,12,7,-43,-39,-37,-52,-46,-29,-54,-49,-55,-49,-65,-60,-86,-29,-34,-30,-84,-83,-99,-63,-67,-53,-87,-39,-39,-34,-36,-32,-66,-23,-37,-14,-27,-15,-29,0,0,0,0,0,-11,0,0,0,0,0,0,0,0,0,0,0,0,0,0,0,0,0,0,0,0,0,0,0]} 1. e4 c5 2. g3 d5 3. d3 Nc6 4. Bg2 Nf6 5. Nc3 Bg4 6. f3 {B20: Sicilian: Unusual White 2nd moves.} Bc8 7. Nh3 {[#]} g6 $146 ({Predecessor:} 7... dxe4 8. dxe4 Qxd1+ 9. Kxd1 e5 10. Nb5 Rb8 11. c3 a6 12. Nc7+ Kd8 13. Nd5 Nxd5 14. exd5 Bxh3 15. Bxh3 {1-0 (58) Fahrner,K (2300)-Wanderer,T (2220) Austria 2010}) 8. Nf2 Bg7 9. O-O O-O 10. f4 dxe4 (10... e6 {is interesting.} 11. Rb1 b6 12. a3 Ne7 13. b4 Ba6) 11. Ncxe4 Nxe4 12. Bxe4 (12. dxe4 {feels hotter.} Be6 13. c3 Qxd1 14. Rxd1 Rad8 15. Rxd8 Rxd8 16. e5) 12... Qd7 13. c3 b6 14. Be3 Bb7 15. Qe2 f5 16. Bg2 e5 17. Rad1 Rfe8 {...exf4 is the strong threat.} 18. Qd2 exf4 (18... Rad8 $17) 19. Bxf4 $11 Ne7 20. Nh3 (20. Bxb7 $11 Qxb7 21. a3) 20... Bxg2 $17 21. Qxg2 Nd5 22. Bc1 $1 Rad8 23. Qf3 Re6 24. Nf4 Nxf4 25. Bxf4 Rde8 26. Rf2 h5 27. h4 Kh7 28. Rdd2 Re1+ 29. Rf1 Qe6 30. Rxe1 {The position is equal.} Qxe1+ 31. Qf1 Qe6 32. a3 a5 33. Kf2 a4 34. Re2 Qxe2+ (34... Qc6 {with more complications.} 35. Rxe8 Qxe8 36. Qe2 Qxe2+ 37. Kxe2 b5) 35. Qxe2 Rxe2+ 36. Kxe2 $11 {[%mdl 4096] Endgame KB-KB} Kg8 37. Bc7 b5 38. Bd6 c4 39. Bf4 Kf7 40. dxc4 bxc4 41. Ke3 Ke6 42. Kf3 Be5 43. Ke3 Bf6 {Accuracy: White = 77%, Black = 82%.} 1/2-1/2

[Event "WSTCC-50 2020"]
[Site "Prague"]
[Date "2020.03.07"]
[Round "2.8"]
[White "Konopka, Michal"]
[Black "Kopsa, Petri"]
[Result "1-0"]
[WhiteElo "2353"]
[BlackElo "2085"]
[Annotator "TA"]
[PlyCount "79"]
[EventDate "2020.03.06"]
[EventType "team-tourn"]
[EventCountry "CZE"]
[SourceTitle "playchess.com"]
[Source "ChessBase"]
[SourceQuality "1"]

{[%evp 13,79,37,26,26,39,13,36,0,0,0,2,3,21,9,33,27,69,58,68,45,47,25,70,23,33,-33,-35,-45,-23,-24,-21,-28,-28,-53,-68,-86,-76,-84,-81,-78,-90,-66,-53,-62,-54,-39,0,-103,-103,-116,0,0,0,-139,-87,-84,675,676,672,668,642,639,911,883,1177,1155,1198,1195]} 1. Nf3 e6 2. g3 f5 3. Bg2 Nf6 4. O-O Be7 5. c4 O-O 6. Nc3 d6 7. d3 Nc6 {7...Qe8 is more fashionable.} 8. e4 {A10: English Opening: Unusual Replies for Black.} e5 9. h3 Kh8 {[#]} 10. Re1 $146 {White is slightly better.} ({Predecessor:} 10. Be3 Qe8 11. Nh4 f4 12. Bd2 Nd4 13. gxf4 Nxe4 14. dxe4 Bxh4 15. Nd5 Bd8 16. fxe5 dxe5 {½-½ (69) Jiruse,J (2159)-Persson,A (1903) Marianske Lazne 2008}) 10... fxe4 11. dxe4 Qe8 12. Be3 Qf7 13. Rc1 h6 14. Nd5 Ne8 15. b4 {[%cal Bb2b4,Bb4b5][%mdl 32]} Bd8 16. b5 Ne7 17. c5 Be6 {[%cal Re6d5]} 18. cxd6 cxd6 {[%cal Re6d5]} 19. Qd2 ({Better is} 19. Nxe7 $14 Bxe7 20. a3) 19... Bxd5 $15 20. exd5 Nf5 21. Qd3 Nxe3 22. fxe3 Nf6 23. Nh4 {And now Ng6+ would win.} e4 $1 {[%cal Re4d3]} 24. Qf1 Bb6 25. Qf5 {White wants to play Ng6+.} Rfe8 {Strongly threatening ...g5.} ({Not} 25... Nxd5 $2 26. Ng6+ Kh7 27. Nxf8+ $18) 26. Ng6+ Kg8 27. Nf4 Re5 28. Rc8+ Rxc8 29. Qxc8+ Kh7 30. Kh2 (30. Ne6 $11) 30... g5 $17 31. Ne6 Rxd5 (31... Nxd5 $17 32. Nf8+ Kg7) 32. Rf1 $40 {[%mdl 128] Threatening mate with Bxe4+! White attacks.} Re5 33. Nd4 (33. Rxf6 $11 Qxf6 {[#]} 34. Bxe4+ $1 {[%mdl 576] Decoy} (34. Qxb7+ $2 Kg8 $19) 34... Rxe4 35. Qxb7+ {[%mdl 64] Double Attack} Kg8 36. Qxe4) 33... Bxd4 ({Black should play} 33... Kg6 34. Qb8 Bc5) 34. exd4 $17 Re8 $2 {[%mdl 8192] [#] Loses the game.} (34... Re7 $17 35. Qb8 Qe6 36. Qxa7 e3) 35. Rxf6 $1 $18 {[%mdl 576] Double Attack. White is clearly winning.} Rxc8 (35... Qxf6 36. Qxe8) 36. Rxf7+ Kg6 37. Rxb7 Re8 {If Black can now play ...e3 this consolidates a bit.} 38. Kg1 e3 39. Kf1 Rf8+ 40. Ke1 {Accuracy: White = 74%, Black = 59%.} 1-0

[Event "WSTCC-50 2020"]
[Site "Prague"]
[Date "2020.03.07"]
[Round "2.9"]
[White "Arkell, Keith C"]
[Black "Schweitzer, Andreas"]
[Result "1/2-1/2"]
[WhiteElo "2447"]
[BlackElo "2290"]
[Annotator "TA"]
[PlyCount "172"]
[EventDate "2020.03.06"]
[EventType "team-tourn"]
[EventCountry "CZE"]
[SourceTitle "playchess.com"]
[Source "ChessBase"]
[SourceQuality "1"]

{[%evp 14,172,25,0,34,-2,21,-1,32,-25,-19,-39,-20,-24,-22,-14,-17,-24,-28,-28,-15,-18,-15,-19,-17,-37,0,-21,-21,-21,-18,-16,-18,-20,-19,-22,-18,-18,-10,-15,0,-12,0,0,0,0,0,0,0,0,0,0,0,0,0,0,0,0,0,0,0,0,0,0,0,0,0,0,0,0,0,0,0,0,0,0,0,0,0,0,0,0,0,0,0,0,0,0,0,0,0,0,0,0,0,0,0,0,0,0,0,0,0,0,0,0,0,0,0,0,0,0,0,-33,0,0,0,-13,0,0,8,0,8,0,0,0,8,0,0,0,0,-16,0,-58,-24,-139,0,0,0,0,0,0,0,0,0,0,0,0,8,8,8,8,8,8,8,8,8,0,0,0,8]} 1. c4 c6 2. Nf3 d5 3. e3 Nf6 4. b3 Bg4 5. Bb2 Nbd7 6. Be2 e6 7. O-O Be7 8. d3 O-O {A12: English Opening: 1...c6 with b3 by White.} 9. Nbd2 (9. h3 $5 {[%cal Rh3g4]} Bh5 10. Nc3 $11) 9... a5 10. a3 Re8 {[#]} 11. e4 $146 (11. h3 $14 Bxf3 12. Nxf3) ({Predecessor:} 11. Qc2 Bf8 12. Rfe1 h6 13. e4 dxe4 14. dxe4 e5 15. Bc3 Qb6 16. Qb2 Bc5 17. Rf1 Bxf3 18. Bxf3 {½-½ (42) Lykov,S (2211)-Filipenko,A (2354) Izhevsk 2010}) 11... dxe4 $11 12. dxe4 Bxf3 13. Bxf3 {[#] aiming for e5.} e5 14. Qc2 Bc5 15. Be2 Nf8 16. Nf3 Ng6 17. g3 h5 18. Bc1 Qe7 19. Bg5 Bxa3 20. Nh4 Nxh4 21. Bxh4 Bc5 {[#]} 22. Bxh5 $1 {[%mdl 512]} Qe6 (22... Nxh5 23. Bxe7) 23. Bxf6 Qxf6 24. Kg2 Qg5 25. Qe2 g6 26. Bf3 Red8 27. Rfd1 Rxd1 28. Rxd1 Rd8 29. h4 Qe7 30. h5 Rxd1 31. Qxd1 Qd6 32. hxg6 fxg6 33. Qe2 Qd4 34. Bg4 Kf7 35. Bc8 b6 36. Qf3+ Ke7 37. Bh3 b5 38. cxb5 cxb5 39. Bc8 $1 a4 40. bxa4 $1 bxa4 {And now ...a3 would win.} 41. Bb7 $1 Qd6 42. Bd5 Qf6 43. Qe2 a3 44. Qd2 Qb6 45. Qh6 Qf6 46. f3 Kd8 47. Qh7 Be7 48. Qg8+ Bf8 49. Bc4 Qd6 50. Kh3 Kc7 51. Kg4 Be7 52. Be6 Kb6 53. Qc8 Qc7 54. Qe8 Qd6 {[%cal Rd6e6]} 55. Bd5 Ka5 56. Qa8+ Kb4 57. Qb7+ Kc3 58. Qb3+ Kd2 59. Qa2+ Ke3 60. Qb3+ Kd2 61. Qb5 Qc5 62. Qe8 Qd6 63. Bf7 Qd8 {White must now prevent ...Qxe8.} 64. Qc6 Qd6 65. Qb7 Kc1 66. Qb5 Qc5 67. Qf1+ Kb2 68. Qe2+ Kc1 69. Qa6 Qd6 70. Qc4+ Kd2 71. Qb5 Qc5 72. Qb8 Qd6 {( -> ...Qd7+)} 73. Qg8 (73. Qb7 $11) 73... Ke3 {...Qd7+ is the strong threat.} 74. Bxg6 (74. Ba2 $11) 74... Qf6 (74... Qd7+ $17 75. Bf5 Qd1) 75. Qb3+ {The position is equal.} Kf2 76. Qc2+ Ke3 77. Qc3+ Ke2 78. Bf5 Qg5+ 79. Kh3 Qe3 (79... Kf2 $5 80. Qc2+ $8 Kxf3 81. Qd1+ Kf2 $11) 80. Qc2+ Qd2 (80... Kf1 {with more complications.} 81. Qg2+ Ke1 82. Qh1+ Kd2 83. Qg2+ Kc3) 81. Qxd2+ Kxd2 {KB-KB} 82. Be6 Ke3 83. Kg4 Bd6 84. Bd5 Bf8 85. f4 exf4 86. gxf4 a2 {Accuracy: White = 90%, Black = 91%.} 1/2-1/2

[Event "WSTCC-50 2020"]
[Site "Prague"]
[Date "2020.03.07"]
[Round "2.10"]
[White "Titscher, Libor"]
[Black "Hebden, Mark L"]
[Result "1/2-1/2"]
[WhiteElo "2153"]
[BlackElo "2444"]
[Annotator "TA"]
[PlyCount "132"]
[EventDate "2020.03.06"]
[EventType "team-tourn"]
[EventCountry "CZE"]
[SourceTitle "playchess.com"]
[Source "ChessBase"]
[SourceQuality "1"]

{[%evp 9,132,-14,2,-6,-7,-25,0,-25,0,0,0,0,0,0,0,0,22,10,15,10,10,10,17,14,9,0,0,0,0,-8,-6,-16,0,-8,0,-21,-21,-21,-11,-28,-18,-33,-12,-23,-18,-18,-12,-12,-18,-12,0,0,0,0,0,0,0,0,0,0,0,0,0,0,0,0,0,0,0,0,0,0,0,0,0,0,0,0,0,0,0,0,0,0,0,0,0,0,0,0,0,0,0,0,0,0,0,0,0,0,0,0,0,0,0,0,0,0,0,0,0,0,0,0,0,0,0,0,0,0,0,0,0,0,0]} 1. c4 e5 2. Nc3 Bb4 3. g3 Bxc3 4. dxc3 d6 5. Bg2 Ne7 6. e4 {A21: English Opening: 1...e5 2 Nc3.} O-O 7. Ne2 Nbc6 {[#]} 8. h3 $146 ({Predecessor:} 8. O-O Be6 9. b3 Qd7 10. f4 exf4 11. Nxf4 Bg4 12. Qd2 Ng6 13. Ba3 b6 14. Rae1 {1-0 (80) Mamedov,R (2707)-Mchedlishvili,M (2578) Al Ain 2014}) 8... f5 9. exf5 Bxf5 10. O-O Qd7 11. Kh2 Be6 12. b3 Rae8 13. f4 Ng6 14. Be3 exf4 15. Nxf4 Nxf4 16. Bxf4 b6 17. Qd2 Ne7 {[%cal Bc6e7,Be7g6,Bg6e5][%mdl 32]} 18. Rae1 Ng6 19. Bg5 Rxf1 20. Rxf1 Ne5 21. Bf4 Bf7 22. Bd5 Bxd5 23. Qxd5+ Qf7 24. Qxf7+ Nxf7 $11 {[%mdl 4096] Endgame KRB-KRN} 25. Kg2 a5 {[%cal Ba7a5,Ba5a4][%mdl 32]} 26. h4 a4 27. Kf3 {The position is equal.} Ne5+ 28. Bxe5 Rxe5 {KR-KR} 29. Rd1 axb3 30. axb3 Ra5 31. b4 Ra3 32. Rd3 Kf7 33. Re3 h5 34. g4 hxg4+ 35. Kxg4 Ra1 36. Rf3+ Ke6 37. Re3+ Kf7 38. Rf3+ Kg8 39. Re3 Rg1+ 40. Rg3 Re1 41. Rf3 g6 42. c5 Rg1+ 43. Kf4 Kf7 44. cxb6 cxb6 45. Ke3+ Ke6 46. Kd3 b5 47. Rh3 Rd1+ 48. Ke4 d5+ 49. Ke3 d4+ 50. cxd4 Kd5 51. h5 gxh5 52. Rxh5+ Kc4 53. Rc5+ Kxb4 54. Rc8 Ka3 55. Ke4 b4 56. d5 b3 57. Ra8+ Kb4 58. Rb8+ Kc3 59. Rc8+ Kb4 60. Ke5 b2 61. Rb8+ Kc3 62. d6 b1=Q 63. Rxb1 Rxb1 64. d7 Rd1 65. Ke6 Rxd7 66. Kxd7 Kd4 {A rather calm draw. Accuracy: White = 98%, Black = 96%.} 1/2-1/2

[Event "WSTCC-50 2020"]
[Site "Prague"]
[Date "2020.03.07"]
[Round "2.11"]
[White "Flear, Glenn C"]
[Black "Schulenburg, Bernd"]
[Result "1-0"]
[WhiteElo "2420"]
[BlackElo "2175"]
[Annotator "TA"]
[PlyCount "39"]
[EventDate "2020.03.06"]
[EventType "team-tourn"]
[EventCountry "CZE"]
[SourceTitle "playchess.com"]
[Source "ChessBase"]
[SourceQuality "1"]

{[%evp 12,39,42,33,60,52,120,72,110,117,127,121,130,40,79,75,124,122,218,220,267,302,272,287,491,472,29996,29997,29997,-167]} 1. d4 Nf6 2. c4 e6 3. Nc3 Bb4 4. e3 b6 5. Nge2 O-O 6. a3 Be7 7. e4 d6 {E44: Nimzo-Indian: Rubinstein: 4...b6 5 Ne2.} 8. Ng3 {[#]} d5 $146 ({Black should try} 8... Ba6 $14) ({Predecessor:} 8... c5 9. d5 exd5 10. cxd5 a6 11. Be2 b5 12. b4 Nbd7 13. Be3 Ne8 14. O-O Bf6 15. Rc1 {1-0 (38) Kayonde,A (2404)-Adly,A (2607) Kampala 2016}) 9. e5 Ne8 {White is better.} 10. cxd5 exd5 11. Bd3 c5 12. O-O ({White should play} 12. Nxd5 $1 $16 {Hoping for Qf3.} Qxd5 13. Be4 {[%mdl 64] Skewer} Qxd4 14. Qxd4 (14. Bxa8 Qxe5+ 15. Qe2 Qc7 $11) 14... cxd4 15. Bxa8) 12... Nc6 13. dxc5 (13. Qh5 g6 $15) 13... d4 14. Be4 $36 {[%mdl 2048] White has strong initiative.} Bb7 (14... dxc3 $16 15. Qxd8 (15. Bxc6 Qxd1 16. Rxd1 cxb2 $16) 15... Bxd8) 15. Nd5 $18 ({Stronger than} 15. Qh5 g6 $15) 15... Bxc5 16. b4 ({Weaker is} 16. Qh5 g6 $11) 16... Nxe5 {[#]} 17. Qh5 $1 {[%csl Ge4][%cal Rh5h7][%mdl 512]} f5 $2 (17... Ng6 18. bxc5 bxc5) 18. Nxf5 Bxd5 {[#]} (18... Rxf5 $18 19. Qxf5 Bxd5 20. Qxh7+ Kf8 21. Qh8+ Kf7 22. Qh5+ {[%mdl 64] Double Attack} Kf8 23. Qxe5 Bxe4 24. Qxe4 Be7) 19. Ne7+ $1 {[%mdl 576] Discovered Attack} Bxe7 20. Bxh7+ {[%mdl 32768] Accuracy: White = 84%, Black = 13%. . Loss on time!?} 1-0